000 00920nam a2200265 i 4500
001 180880
003 ES-MaACL
005 20250827052408.0
008 120806s2008 sp aco |||| |bspa d
020 _a978-84-95349-76-7
080 _a929:656.614Ventura Torres, Arturo
080 _a379.85
100 1 _aVentura Torres, Arturo.
_9151238
245 1 0 _aDel cuaderno de bitácora /
_cArturo Ventura Torres.
260 _aZaragoza :
_bAneto Publicaciones,
_c[2008]
300 _a328 p. :
_bil., fot. ;
_c24 cm.
500 _aDiccionario marinero: p. 94-96.
600 1 4 _aVentura Torres, Arturo.
_9151238
650 0 7 _aViajes
_2embne
_917778
650 0 7 _aViajes por mar
_2embne
_917784
852 _aES-MaACL
_jA-12158
_9187757
_bR.147080
_cDEPO1
_dOlim: N-5163
_xDonación: Arturo Ventura Torres
903 _9151238
_aVentura Torres, Arturo
_ednr
942 _2udc
_cMONOGRAFIA
999 _c180880
_d180880